000 00432nam a22001697a 4500
005 20160625094736.0
008 160625b xxu||||| |||| 00| 0 eng d
020 _a81-203-2682-2
041 _aeng
082 _b9941
100 _aMurthy, C. Siva Ram and G. Manimaran
_92716
245 _aResource Management in Real time systems and Networks
260 _bPHI
_c2005
300 _a443
650 _aManagement
_9241
942 _cBK
999 _c3906
_d3905